Canada : 2010 Article IV Consultation-Staff Supplement; Staff Report; and Public Information Notice on the Executive Board Discussion.

A credible framework for macroeconomic policy, strong policy response, and resilient financial system have enabled Canada to exit the global crisis on a strong footing. Executive Directors encouraged authorities to maintain their prudent and far-sighted policies while strengthening productivity and...

Disgrifiad llawn

Manylion Llyfryddiaeth
Awdur Corfforaethol: International Monetary Fund
Fformat: Cylchgrawn
Iaith:English
Cyhoeddwyd: Washington, D.C. : International Monetary Fund, 2010.
Cyfres:IMF Staff Country Reports; Country Report ; No. 2010/377
Mynediad Ar-lein:Full text available on IMF
LEADER 01826cas a2200241 a 4500
001 AALejournalIMF006950
008 230101c9999 xx r poo 0 0eng d
020 |c 5.00 USD 
020 |z 9781455213566 
022 |a 1934-7685 
040 |a BD-DhAAL  |c BD-DhAAL 
110 2 |a International Monetary Fund. 
245 1 0 |a Canada :   |b 2010 Article IV Consultation-Staff Supplement; Staff Report; and Public Information Notice on the Executive Board Discussion. 
264 1 |a Washington, D.C. :  |b International Monetary Fund,  |c 2010. 
300 |a 1 online resource (58 pages) 
490 1 |a IMF Staff Country Reports 
500 |a <strong>Off-Campus Access:</strong> No User ID or Password Required 
500 |a <strong>On-Campus Access:</strong> No User ID or Password Required 
506 |a Electronic access restricted to authorized BRAC University faculty, staff and students 
520 3 |a A credible framework for macroeconomic policy, strong policy response, and resilient financial system have enabled Canada to exit the global crisis on a strong footing. Executive Directors encouraged authorities to maintain their prudent and far-sighted policies while strengthening productivity and competitiveness. Directors welcomed its accommodative stance of monetary policy and ambitious fiscal consolidation plans to strengthen its long-term economic potential. They observed that Canada is well positioned to adapt its financial regulatory framework to emerging international initiatives. Further progress toward national securities regulation will be an essential enhancement in this framework. 
538 |a Mode of access: Internet 
830 0 |a IMF Staff Country Reports; Country Report ;  |v No. 2010/377 
856 4 0 |z Full text available on IMF  |u http://elibrary.imf.org/view/journals/002/2010/377/002.2010.issue-377-en.xml  |z IMF e-Library